| 000 | 01007nam a22002057a 4500 | ||
|---|---|---|---|
| 999 |
_c59406 _d59406 |
||
| 003 | Ge_BSU | ||
| 005 | 20230210124532.0 | ||
| 008 | 230210s2002 ge ||||| |||| 00| 0 geo d | ||
| 020 | _a9992832274 | ||
| 041 | _ageo | ||
| 080 | _a341.232 + 346.543.1 გ-12 | ||
| 100 |
_aგაბისონია, ზვიად _98189 |
||
| 245 |
_aსაინვესტიციო დავის მონაწილე იურიდიულ პირთა იურისდიქცია / _cზვიად გაბისონია; [რედ.: ლადო ჭანტურია]. |
||
| 264 |
_aთბილისი: _bმერიდიანი, _c 2002. |
||
| 300 |
_a264გვ. ; _b20სმ. |
||
| 653 | _aსაერთაშორისო ინვესტიციები | ||
| 653 | _aსაინვესტიციო დავის იურისდიქცია | ||
| 700 |
_aჭანტურია, ლადო _eრეაქტორი _916881 |
||
| 942 |
_2udc _cBK |
||